00467nam a2200157Ia 4500001001000000008004100010020003000051082002200081100002000103245006400123260002300187300001100210500004100221650002600262700002100288Para_9913220602s9999 xx 000 0 und d a978 - 0 - 85199 - 827 - 5 aPA 589.2 C36 2007 aCannon, Paul F. aFungal Families of the World / Paul F. Cannon, Paul M. Kirk aWallingford : CABI a456 p. aIncluye referencias Bibliográficas aMicología \ Hongos  aKirk, Paul M.Ì